| 000 | 00522nam a2200205Ia 4500 | ||
|---|---|---|---|
| 003 | GCL | ||
| 008 | 140319s9999 xx 000 0 eng d | ||
| 040 |
_aGCL / _cGCL |
||
| 082 | 0 | 4 |
_a613.7 _bM D |
| 100 | 1 | _aMCGLYNN, GEORGE | |
| 245 | 1 | 0 |
_aDYNMICS OF FITNESS: APRACTICAL APPROACH / _cMCGLYNN, GEORGE |
| 260 |
_a[S.N] : _bBROWN & BENCHMARK ، _c1996 |
||
| 300 | _a325 P | ||
| 650 | 0 | 4 | _aWEIGHT TRAINING |
| 650 | 0 | 4 | _aFITNESS |
| 650 | 0 | 4 | _aDRUGS |
| 650 | 0 | 4 | _aFITNESS EDUCATION |
| 650 | 0 | 4 | _aWEIGHT |
| 942 |
_2ddc _cBK |
||
| 999 |
_c11823 _d11823 |
||